| 000 | 00624nam a22002177a 4500 | ||
|---|---|---|---|
| 005 | 20260420112328.0 | ||
| 008 | 260420b |||||||| |||| 00| 0 eng d | ||
| 020 |
_a978-81-313-1631-3 _cRs.2495.00 |
||
| 040 | _aLoreto College | ||
| 041 | _aEnglish | ||
| 082 |
_a370.954 _bPUR |
||
| 100 | _aPuri,MohitGreat Indian thinkers on education | ||
| 245 |
_aGreat Indian thinkers on education _cMohit Puri |
||
| 260 |
_aNew Delhi _bAPH Publishing _c2025 |
||
| 300 | _ax,272p.;21cm. | ||
| 504 | _aIncludes bibliography | ||
| 650 | _aEducation | ||
| 650 | _aEducational thinkers | ||
| 850 | _aLCLIB | ||
| 942 | _cBK | ||
| 999 |
_c44334 _d94813 |
||